000 00501nam a2200169Ia 4500
003 GCL
005 20240530103109.0
008 140319s9999 xx 000 0 ara d
040 _aGCL /
_cGCL
082 0 4 _a410
_bر د
100 1 _aرمضان عبدالتواب
245 1 0 _aدراسات وتعليقات فى اللغة /
_cرمضان عبدالتواب
260 _a[S.N] :
_bمكتبة الخانجى ،
_c1994
300 _a295 ص
650 0 4 _aاللغة العربية
942 _2ddc
_cBK
999 _c36802
_d36802